000 01086nam a22002417a 4500
999 _c7326
_d7326
003 AR-CdUCM
008 190320b ||||| |||| 00| 0 ita d
020 _a88-422-0072-7
040 _aMUNICIPALIDAD PROVINCIAL DEL CUSCO
_cBIBLIOTECA MUNICIPAL DEL CUSCO
082 _a709 /
_bA47
110 _aFondazione Guido Ed Ettore de Fornaris
_920608
245 _aArte Moderna a Torino :
_bOpere d'arte e documenti acquisiti per la galleria civica d'arte moderna e contemporanea di torino 1986-1992 /
260 _aMilán :
_bUmberto Allemandi & C.
_c1993.
300 _a501 páginas ;
_bIlustraciones en color,
_c31 cm.
505 _aContenido : Rosanna Maggio Serra: Fondacione De Fornaris secondo lustro -- Tavole -- Inventario delle opere acquisite -- Marco Rosci -- Opere della collezione di Pietro Baldassare Ferrero acquistate dalla Fondacione De Fornaris nell'anno 1986...
650 _aArte Italiano
_920609
650 _aPintura
_93081
650 _aOleo
_915938
650 _aEscultura
_913152
700 _aRosanna Maggio Serra
_920650
942 _2ddc
_cLIBROS
945 _admma